La Decouverte des mathematiques
Αποθηκεύτηκε σε:
| Κύριος συγγραφέας: | |
|---|---|
| Άλλοι συγγραφείς: | |
| Μορφή: | Βιβλίο |
| Γλώσσα: | French |
| Δημοσίευση: |
Paris :
Dunod,
1967.
|
| Σειρά: | Collection sigma ;
9 |
| Θέματα: | |
| Ετικέτες: |
Προσθήκη ετικέτας
Δεν υπάρχουν, Καταχωρήστε ετικέτα πρώτοι!
|
MARC
| LEADER | 00000nam a2200000 a 4500 | ||
|---|---|---|---|
| 001 | 1/127217 | ||
| 008 | 230906t1967####fr | ||| |||| ||fre|| | ||
| 040 | |a GR-MyUa |b gre |c GR-MyUa |e AACR2 | ||
| 041 | 0 | |a fre | |
| 082 | 7 | |a 510.76 |2 (23) | |
| 100 | 1 | |a Polya, George, |d 1887-1985. | |
| 245 | 1 | 3 | |a La Decouverte des mathematiques / |c par G. Polya ; traduit par M.Didier, M. Praderie. |
| 260 | |a Paris : |b Dunod, |c 1967. | ||
| 300 | |a τ.2. viii, 360,[32] σ. : |b σχέδια. ; |c 22 εκ. | ||
| 490 | 1 | |a (Collection Sigma ; |v 9) | |
| 505 | 8 | |a Τ. 2. Une methode generale. | |
| 504 | |a Περιέχει ευερτήριο | ||
| 650 | 0 | |a Mathematics |x Problems, exercises, etc. | |
| 650 | 0 | |a Problem solving. | |
| 700 | 1 | |a Praderie, Michel, |e trl | |
| 740 | 0 | |a Une methode generale. | |
| 830 | 0 | |a Collection sigma ; |v 9 | |
| 852 | |a INST |b SAMOS |e 20230905 |h 510.76 POL |p 005300047787 |q 005300047787 |t BK |v τομ.2: |y 0 | ||
| 853 | |a INST |b SAMOS |h 510.76 POL | ||
| 970 | |a Φιλιππή |b Φάλη |z 06-09-2023 | ||